000 00348nam a2200133Ia 4500
008 240624s9999 xx 000 0 und d
041 _aeng
082 _a338.954 KUM
100 _aKUMARASWAMY V
245 _aMAKING GROWTH HAPPEN IN INDIA A ROAD MAP
260 _c2014
_aNew Delhi
_bSage
300 _axxvi, : 272 : p. : cm. ; 21
365 _cRS
_b38
999 _c27410
_d27410